000 00578nam a2200205Ia 4500
001 5695
003 GE_BSU
008 181216s||||||||xx |||||||||||||| ||und||
040 _cGE_BSU
080 _a517.583
100 _aАхиезер, Н.И.
245 _aЭлементы теории эллиптических функций.
250 _aизд 2-е перер.
260 _aМосква
260 _bНаука
260 _c1970
300 _a303 с. 20 см.
653 _aЭлементы теории эллиптических функций.
942 _cBK
999 _c39115
_d39115